• 首页
  • 本馆介绍
  • 公告通知
  • 最新文献
  • 馆藏检索
  • 电子资源
  • 读者导购
  • 参考咨询
  • 我的图书馆
  • 登录
  • 详细信息显示
  • 放入我的书架
  • 预约/预借图书
  • 作者相关作品
  • 分类相关作品
  • 丛书相关作品
  • 出版社相关作品

书目信息

  • 表格格式
  • 工作单格式
  • 卡片格式
题名:
马基雅维里
    
 
作者: 斯金那 , Skinner 著 ;王锐生 , 张阳 译
分册:  
出版信息: 北京   工人出版社  1985
页数: 192页
开本: 19cm
丛书名: 外国著名思想家译丛
单 册:
中图分类: B546
科图分类:
主题词: 哲学--欧洲
电子资源:
ISBN:
000 00981nam2 2200349 45
001 0185009791
005 20040422091056.5
010    @dCNY1.36
091    @a3007.446
100    @a19901008d1985 mk y0chiy0121 ea
101 1  @achi@ceng
102    @aCN@b110000
105    @ac z 000yb
106    @ar
200 10 @a马基雅维里@Ama ji ya wei li@f(英)斯金那(Skinner,Q.)著@g王锐生, 张阳译
210    @a北京@c工人出版社@d1985
215    @a192页@c肖像@d19cm
225 2  @a外国著名思想家译丛
300    @a书名原文: Machiavelli
300    @a根据1980年英文本译出
410  0 @120010@a外国著名思想家译丛
510 1  @aMachiavelli@zeng
600  1 @a马基雅维里@bN.@x生平事迹
606 0  @a哲学@x欧洲
690    @aB546
701  1 @a斯金那@Asi jin na@bQ.@4著
701 A1 @aSkinner@bQ.@4著
702  0 @a王锐生@Awang rui sheng@4译
702  0 @a张阳@Azhang yang@4译
801  0 @aCN@b深圳图书馆@c20040422
801  2 @aCN@bNLC@c20040422
905    @f2@b168538-539@dB546@e3
    
    马基雅维里/(英)斯金那(Skinner,Q.)著/王锐生, 张阳译.-北京:工人出版社,1985
    192页:肖像;19cm.-(外国著名思想家译丛)
    书名原文: Machiavelli.-根据1980年英文本译出
    
    ISBN :CNY1.36
    
●
相关链接 在E读中查询图书 在五车中查询图书 在当当中查询图书 在豆瓣中查询图书


正题名:马基雅维里     索取号:B546/3         预约/预借

序号 登录号 条形码 馆藏地/架位号 状态 备注
1 0168538   000578903   第一借阅区/ [索取号:B546/3] 在馆    
2 0168539   000578949   第一借阅区/ [索取号:B546/3] 在馆    
唐山师范学院图书馆 欢迎您!
大连网信软件有限公司© 版权所有